Guess the Harry Styles song with no hints #13 - Statistics

General Stats
  • This quiz has been taken 110 times
  • The average score is 218 of 310
Answer Stats
Answer % Correct
a
99%
I
97%
I,
97%
(I
97%
you
96%
the
92%
me
86%
my
85%
to
85%
in
81%
be
80%
as
78%
it,
78%
it
78%
so
78%
when
78%
and
77%
And
77%
I'm
77%
You're
76%
you're
76%
just
73%
were
73%
who
73%
da,
72%
(Da,
72%
(Da-da-da-da,
72%
da-da-da-da)
72%
(Da-da-da-da)
72%
for
72%
know
72%
can
71%
don't
68%
Don't
68%
open
68%
eyes
67%
that
67%
Golden,
66%
golden,
66%
golden
66%
Golden
66%
(Golden,
66%
golden)
66%
of
66%
Of
66%
get
65%
light
65%
take
65%
too
65%
am
63%
back
63%
Ha
61%
Hold
61%
hold
61%
hold)
61%
wait
61%
feel
59%
wanna
59%
way
59%
Because
58%
because
58%
ever
57%
out
57%
alone
56%
But
56%
let
56%
sky
56%
head
54%
right
54%
broken,
53%
broken
53%
scared
53%
skin
53%
all
52%
bright
52%
control
51%
control)
51%
hearts
49%
I've
48%
focus,
44%
Lovin'
44%
antidote
43%
hopeless,
43%
known
43%
ends
42%
hoping,
37%
you's
27%
Browns
22%
No matching quizzes found
Score Distribution
Percent of People with Each Score
Percentile by Number Answered
Your Score History
You have not taken this quiz